000 00368 a2200169 4500
001 192447
020 _a978-85-349-2081-0
040 _cMagnum
100 _aJose, Elias
240 1 0 _aQue confusão, seu adão!
_lpor
245 1 0 _aQue confusão, seu adão!
300 _a21
362 0 _a2010
440 1 _aPaulus
697 _aLITERATURA INFANTIL
942 _cBK
999 _c192447
_d192447